Medzinárodné a regionálne vzťahy Brazílie diplomová práca

Uložené v:
Podrobná bibliografia
Hlavný autor: Rusňáková, Jana
Korporativný autor: Obchodná fakulta EU. Katedra medzinárodného obchodu
Ďalší autori: Gavaľová, Viera
Médium: Kniha
Jazyk:Slovak
Vydavateľské údaje: Bratislava 2014
Tagy: Pridať tag
Žiadne tagy, Buďte prvý, kto otaguje tento záznam!

MARC

LEADER 00000nbm a2200000 4500
001 0186088
005 20170201094809.2
041 0 |a slo 
044 |a SK 
245 1 0 |a Medzinárodné a regionálne vzťahy Brazílie  |b diplomová práca  |c Jana Rusňáková ; školiteľ: Viera Gavaľová 
264 1 |a Bratislava  |c 2014 
300 |a 89 s. 
100 1 |a Rusňáková, Jana 
700 1 |a Gavaľová, Viera 
710 2 |a Obchodná fakulta EU. Katedra medzinárodného obchodu